000 00620nam a2200241Ia 4500
003 OSt
005 20221007072503.0
006 a|||||r|||| 00| 0
007 ta
008 221006b |||||||| |||| 00| 0 eng d
024 _a6,249
037 _cTextual
040 _aFLL
_cFLL
_beng
041 _2eng
_aeng
082 _aZ3:94y7, J7;L0
100 _aCockle
_9690773
245 0 _aCases and statutes on evidence
250 _a11th
260 _aLondon
_bSweet & Maxwell India
_c1970
300 _axxvii,590p
_ccm.
942 _hZ3:94y7, J7;L0
_cTEXL
_2CC
999 _c1146230
_d1146230